Welcome to the Holygrace Academy Library

Please use search bar below to get started

THE HARDY BOYS - SLAM DUNK SABOTAGE (Record no. 7803)

MARC details
000 -LEADER
fixed length control field 00642nam a22001457a 4500
020 ## - INTERNATIONAL STANDARD BOOK NUMBER
ISBN 978-0-671-50526-4
082 ## - DEWEY DECIMAL CLASSIFICATION NUMBER
Classification number 823
Item number DIX/H
100 ## - MAIN ENTRY--AUTHOR NAME
Personal name DIXON, FRANKLIN W
245 ## - TITLE STATEMENT
Title THE HARDY BOYS - SLAM DUNK SABOTAGE
260 ## - PUBLICATION, DISTRIBUTION, ETC. (IMPRINT)
Place of publication NEW YORK
Name of publisher ALADDIN PAPERBACKS
Year of publication 2002
300 ## - PHYSICAL DESCRIPTION
Number of Pages 151
520 ## - SUMMARY, ETC.
Summary, etc The Hardys and their high school basketball team, the Bayport Bombers, are getting ready to play for their championship. One more victory will put them on top. But somebody's got a different game plan: Blast the Bombers out of contention by knocking Frank and Joe out of the way—for good.
650 ## - SUBJECT ADDED ENTRY--TOPICAL TERM
Topical Term MYSTERY STORY
Geographic subdivision UNITED STATES
942 ## - ADDED ENTRY ELEMENTS (KOHA)
Koha item type Books
Holdings
Withdrawn status Lost status Collection code Home library Current library Shelving location Date acquired Source of acquisition Cost, normal purchase price Full call number Accession Number Koha item type
    Fiction Main Library Main Library NEW SHELF WITH NEW ENTRY 20/11/2023 purchase 250.00 823 DIX/H 13436 Books